| 000 | 02002nam a2200541 a 4500 | ||
|---|---|---|---|
| 001 | 21001 | ||
| 003 | VRT | ||
| 005 | 20260210141345.0 | ||
| 008 | 170706s2015 xo o g 001 0 slo | ||
| 015 | _aSNBA2016/08 | ||
| 020 | _a9788089742165 (viaz.) | ||
| 035 | _a3FB7C056-C28F-4233-B7AD-B0F15181EFE1 | ||
| 035 | _aurn:nbn:sk:snk-amlosw | ||
| 035 | _aurn:nbn:sk:snk-am00bwlf | ||
| 039 | 9 |
_a201707060923 _bVLOAD _c201608241222 _dcsnk08 _c201608231533 _dcsnk08 _c201608231533 _dcsnk08 |
|
| 040 |
_aSNK _bslo _cSNK _eAACR2 |
||
| 041 | 1 |
_aslo _hhun |
|
| 044 |
_axo _cSK |
||
| 072 | 7 |
_a641 _xKuchárstvo. Potraviny. Varené jedlá _2konspekt |
|
| 080 |
_a641.85 _22011 |
||
| 080 |
_a(083.12) _22011 |
||
| 245 | 0 | 0 |
_aBabičkine zákusky _bzákusky našich starých mám _c[foto zákuskov: Árpád Patyi ; fázové fotografie: Csigó Bt. ; zostavila: Orosné Edit Galaczi ... [et al.] ; spolupracovali: Éva Pádár, Zsolt Szabó ; recepty: Balogh Lászlóné ... [et al.] ; preklad: Katarína Borosová] |
| 260 |
_aNové Zámky _bEx _c2015 |
||
| 300 |
_a112 s. _bfareb. fotogr. _c25 cm |
||
| 500 | _aPravdepod. prel. z maď. | ||
| 504 | _aAbeced. reg. zákuskov | ||
| 650 | 0 | 7 |
_amúčniky _2SNKPH |
| 650 | 0 | 7 |
_aDesserts _2SNKPHeng |
| 650 | 0 | 7 |
_akoláče _2SNKPH |
| 650 | 0 | 7 |
_aPies _2SNKPHeng |
| 650 | 0 | 7 |
_adezerty _2SNKPH |
| 655 | 7 |
_akuchárske recepty _2SNKPH |
|
| 655 | 7 |
_aCookbooks _2SNKPHeng |
|
| 700 | 1 |
_aPatyi, Árpád _4pht |
|
| 700 | 1 |
_aBorosová, Katarína _4trl |
|
| 700 | 1 |
_aPádár, Éva _4clb |
|
| 700 | 1 |
_aSzabó, Zsolt _4clb |
|
| 700 | 1 |
_aMáté Pálné Terenyei, Katalin _4oth |
|
| 700 | 1 |
_aOrosné Galaczi, Edit _4com |
|
| 700 | 1 |
_aCsigó, Bt. _4pht |
|
| 700 | 1 |
_aBalogh, Lászlóné _4oth |
|
| 700 | 1 |
_aErdei, Sándorné _4oth |
|
| 700 | 1 |
_aTóth Gézáné Mogyorósi, Magdolna _4oth |
|
| 910 | _asnk | ||
| 942 |
_2ddc _cOLDO _n0 |
||
| 949 |
_617A1193991 _asnkSC 170759 _bsnk2016/18352 _o991/16 _s6100:20160825 |
||
| 949 |
_617A1193992 _asnkSC 170759 D1 _bsnk2016/18353 _o991/16 |
||
| 999 |
_c21001 _d21001 |
||